000 00676cam a22002411 4500
999 _c7395
_d7395
001 7001188
003 GBCCL
005 20241126110627.0
008 771011s1957 tnu 000 0 eng
010 _a 57012144
035 _a(OCoLC)3331780
040 _aDLC
_cNcWU
_dDLC
042 _apremarc
050 0 0 _aBS1565
_b.W48
082 _a224.6007
_bWHI
100 1 _aWhite, Kenneth Owen,
_d1902-
_913084
245 1 0 _aStudies in Hosea;
_bGod's incomparable love.
260 _aNashville,
_bConvention Press
_c[1957]
300 _a142 p.
_c19 cm.
630 0 0 _aBible.
_pHosea
_vTextbooks.
_913085
906 _a7
_bcbc
_coclcrpl
_du
_encip
_f19
_gy-gencatlg
942 _2ddc
_cBK
_021